FA移籍選手クイズ - Statistics

General Stats
  • This quiz has been taken 2 times
  • The average score is 29 of 40
Answer Stats
人的補償選手 元所属球団 移籍先球団 移籍選手 % Correct
赤松真人 広島東洋 阪神 新井貴浩
100%
福地寿樹 東京ヤクルト 埼玉西武 石井一久
100%
岡本真也 埼玉西武 中日 和田一浩
100%
高口隆行 読売 千葉ロッテ サブロー
100%
藤岡好明 北海道日本ハム 福岡ソフトバンク 鶴岡慎也
100%
奥村展征 東京ヤクルト 読売 相川亮二
100%
金田和之 オリックス 阪神 糸井嘉男
100%
平良拳太郎 横浜DeNA 読売 山口俊
100%
尾仲祐哉 阪神 横浜DeNA 大和
100%
内海哲也 埼玉西武 読売 炭谷銀仁朗
100%
竹安大知 オリックス 阪神 西勇輝
100%
長野久義 広島東洋 読売 丸佳浩
100%
酒居知史 東北楽天 千葉ロッテ 美馬学
100%
小野郁 千葉ロッテ 東北楽天 鈴木大地
100%
田中俊太 横浜DeNA 読売 梶谷隆幸
100%
岩嵜翔 中日 福岡ソフトバンク 又吉克樹
100%
張奕 埼玉西武 オリックス 森友哉
100%
田中正義 北海道日本ハム 福岡ソフトバンク 近藤健介
100%
日髙暖己 広島東洋 オリックス 西川龍馬
100%
甲斐野央 埼玉西武 福岡ソフトバンク 山川穂高
100%
小森航大郎 東北楽天 東京ヤクルト 茂木栄五郎
100%
伊藤優輔 福岡ソフトバンク 読売 甲斐拓也
100%
古市尊 横浜DeNA 埼玉西武 桑原将志
100%
田中千晴 東北楽天 読売 則本昂大
100%
川邉忠義 日本ハム 読売 河野博文
50%
小田幸平 中日 読売 野口茂樹
50%
吉武真太郎 読売 福岡ソフトバンク 小久保裕紀
50%
工藤公康 横浜 読売 門倉健
50%
高濱卓也 千葉ロッテ 阪神 小林宏之
50%
藤井秀悟 横浜DeNA 読売 村田修一
50%
一岡竜司 広島東洋 読売 大竹寛
50%
鶴岡一成 阪神 横浜deNA 久保康友
50%
中郷大樹 埼玉西武 千葉ロッテ 涌井秀章
50%
高木勇人 埼玉西武 読売 野上亮磨
50%
平松一宏 中日 読売 前田幸長
0%
ユウキ オリックス 近鉄 加藤伸一
0%
江藤智 西武 読売 豊田清
0%
高宮和也 阪神 オリックス 平野恵一
0%
馬原孝浩 オリックス 福岡ソフトバンク 寺原隼人
0%
脇谷亮太 埼玉西武 読売 片岡治大
0%
No matching quizzes found
Score Distribution
Percent of People with Each Score
Percentile by Number Answered
Your Score History
You have not taken this quiz